000 00743cam a2200217 4500
001 WB3735-08
008 010918n2001 000 0 eng u
035 _a(Sirsi) u114625
245 _aChaos engulfs occupiers
260 _c2001
490 _aEstates Gazette
_v(0137) 15 September 2001, 38(1)
520 _aDozens of the world's largest corporations are left homeless by the destruction of the World Trade Centre. Many businesses are finding temporary quarters in New York or deciding to relocate outside the city.
590 _aWB
650 _aWORLD TRADE CENTER
650 _aNEW YORK
650 _aCORPORATIONS
650 _aBUSINESS SPACE
650 _aOFFICE SPACE
690 _aPROPERTY-COMMERCIAL PROPERTY
942 _n0
999 _c68289
_d68289